000 01497nab a22002417a 4500
999 _c5680
_d5680
003 OSt
005 20251226232714.0
008 190603e xxum|||| |||| 00| 0 spa d
040 _cPJ
100 _94791
_aAzar, Aldo Marcelo
245 1 3 _aLa configuración del incumplimiento en las obligaciones de medios y la atribución de la carga de la prueba /
_cAldo M. Azar.
260 _cCiudad Autónoma de Buenos Aires :
_aThomson Reuters La Ley,
_b2025.
300 _ap. 86-95
500 _aCita: TR LALEY AR/DOC/1771/2025 Publicado en: RCCyC 2025 (agosto).
505 _aSumario: I. La atribución de la carga probatoria de la culpa en las obligaciones de medios a partir de la vigencia del Cód. Civ. y Com.— II. El contexto normativo del Cód. Civil.— III. El contexto normativo del Cód. Civ. y Com.— IV. La carga probatoria del pago y la carga probatoria del factor de atribución.— V. Las modalidades del incumplimiento y las presunciones de causalidad, autoría y responsabilidad en las obligaciones de medios.— VI. Conclusiones.
505 _t¿Te interesa el texto completo? Solicitalo al correo: koha@justierradelfuego.gov.ar
650 0 _91497
_aCODIGO CIVIL Y COMERCIAL
650 0 _91467
_aRESPONSABILIDAD CIVIL
650 0 _93712
_aRESPONSABILIDAD PROFESIONAL
650 0 _93927
_aCARGA DE LA PRUEBA
773 0 _02713
_93170
_dCiudad Autónoma de Buenos Aires : Thomson Reuters La Ley, 2015-
_tRevista Código Civil y Comercial. Nº 4 - Agosto 2025
942 _2udc
_cANA